00904nam a2200205 a 450000100100000000500170001000800410002704000250006808200120009310000310010524500440013626000760018030000340025660000590029091000380034904900090038795201730039695201120056999900170068100002737720240409073641.0110331t1953 dr ac 000 0bspa d aDO-SdBNPbspacBNPHU aF-RD 221 aVicioso V., Juan A.95445210aTrujillo inmortal /cJuan A. Vicioso V. aCiudad Trujillo, República Dominicana :bImpresora Dominicana,c1953. a61 p. :bil., retr. ;c21 cm.10aTrujillo Molina, Rafael Leónidas,d 1891-1961976764 aValidado. Control de calidad EMS. aBNPD 001050718RVaPDbPDcHDd2011-03-31iLF1l0oF-RD 22 p27377-10r2020-06-25w2020-06-25y1zAutografiado por el autor, dedicado a Jose E. Garcia AybarZNo se presta 001050718RVaPDbPDcHDd2011-05-31iLF1l0oF-RD 22 p27377-20r2020-06-25w2020-06-25y1ZNo se presta c26869d26869